| 000 | 00590nam a2200169Ia 4500 | ||
|---|---|---|---|
| 999 |
_c35442 _d35442 |
||
| 003 | GCL | ||
| 005 | 20240530102928.0 | ||
| 008 | 140319s9999 xx 000 0 ara d | ||
| 040 |
_aGCL / _cGCL |
||
| 082 | 0 | 4 |
_a001.422 _bا ر |
| 100 | _aاكرام بدرالدين | ||
| 245 | 1 | 0 |
_aالرأى العام المصرى وقضايا الديمقراطية والهوية دراسة ميدانية استطلاعية _bاكرام بدر الدين |
| 260 |
_a[S.N] : _bمكتبة نهضة الشرق ، _c1985 |
||
| 300 | _a78 ص | ||
| 700 | _aعبدالغفار رشاد | ||
| 942 |
_2ddc _cBK |
||